Konverzačná príručka zo slovenského jazyka pre 7. ročník základnej školy a 2. ročník gymnázia s osemročným štúdiom s vyučovacím jazykom maďarským

Bibliographic Details
Main Authors: Döményová, Alena (Author), Papp, Szilvia (Author), Szetyinszká, Veronika (Author), Vargová, Zuzana (Author)
Other Authors: Žitňanová, Tatiana, 1956- (Illustrator)
Format: Book
Language:Slovak
PhysicalDescription:70 strán farebné fotografie a ilustrácie, noty, tabuľky 29 cm
Published: Bratislava Slovenské pedagogické nakladateľstvo 2021
ISBN:9788010040421
Edition:Druhé vydanie
Subjects:

MARC

LEADER 00000cam a2200000 4500
001 vtls012083904
003 SK-MaSNL
005 20260301104551.0
008 240210s2021 xo aol drp 000 0 slo
015 |a SNBA2022/07 
020 |a 9788010040421  |q (brožované) 
040 |a SNK  |b slo  |c SNK  |e rda 
041 0 |a slo 
044 |a xo  |c SK 
072 7 |a 811.162.4  |x Slovenčina  |2 konspekt 
072 7 |a 37.016  |x Učebné osnovy. Vyučovacie predmety. Učebnice  |2 konspekt 
080 |a 811.162.4  |2 2001 
080 |a (075.2)  |2 2001 
080 |a (075.3)  |2 2001 
080 |a 81'24  |2 2001 
100 1 |a Döményová, Alena  |4 aut  |9 326384 
245 1 0 |a Konverzačná príručka zo slovenského jazyka pre 7. ročník základnej školy a 2. ročník gymnázia s osemročným štúdiom s vyučovacím jazykom maďarským  |c Alena Döményová, Szilvia Papp, Veronika Szentyinszká, Zuzana Vargová ; illustrations Táňa Žitňanová 
250 |a Druhé vydanie 
264 1 |a Bratislava  |b Slovenské pedagogické nakladateľstvo  |c 2021 
300 |a 70 strán  |b farebné fotografie a ilustrácie, noty, tabuľky  |c 29 cm 
336 |a text  |b txt  |2 rdacontent 
336 |a statický obraz  |b sti  |2 rdacontent 
337 |a bez média  |b n  |2 rdamedia 
338 |a zväzok  |b nc  |2 rdacarrier 
650 0 7 |a slovenčina  |2 SNKPH  |9 1350 
650 0 7 |a Slovak language  |2 SNKPHeng  |9 266031 
650 0 7 |a Conversation, terms and phrases  |2 SNKPHeng  |9 314419 
650 0 7 |a konverzácia  |2 SNKPH  |9 49849 
655 7 |a učebnice základných škôl  |2 SNKPH  |9 70187 
655 7 |a učebnice stredných škôl  |2 SNKPH  |9 69323 
655 7 |a Textbooks (elementary)  |2 SNKPHeng  |9 276977 
655 7 |a Textbooks (secondary)  |2 SNKPHeng  |9 276359 
700 1 |a Papp, Szilvia  |4 aut  |9 368723 
700 1 |a Szetyinszká, Veronika  |4 aut  |9 326386 
700 1 |a Vargová, Zuzana  |4 aut  |9 8063 
700 1 |a Žitňanová, Tatiana,  |d 1956-  |4 ill  |9 86022 
710 2 |a Slovenské pedagogické nakladateľstvo - Mladé letá  |4 pbl  |9 211357 
919 |a 978-80-10-04042-1 
954 |a odborná, vedecká literatúra pôvodná (slovenská)  |2 lita 
958 |a HU 
999 |c 698481  |d 700411 
952 |a SNK  |b SNK  |y PREZ  |7 0  |p 17A1478337  |o snkSB 97636  |i snk2022/939  |8 0  |0 0  |1 0  |4 0  |d 2022-01-19  |f 1  |l 0  |r 2025-05-16 00:00:00  |w 2026-02-23 
952 |a SNK  |b SNK  |y VYP  |7 0  |p 17A1478338  |o snkSB 97636 D1  |i snk2022/940  |8 0  |0 0  |1 0  |4 0  |d 2022-01-19  |l 0  |r 2026-02-23 20:49:07  |w 2026-02-23